000 00341nam a2200145 i 4500
001 bg
100 1 _aADAMSKI, Władysław
245 0 _aMłodzież i społeczeństwo /
_cWładysław Adamski.
260 _aWarszawa,
_c1976.
040 _cBPK
041 _apol
080 _a316
942 _cKS
008 s pl f |000 0 pol
999 _c26919
_d26919
856 _uhttp://koha.tu.koszalin.pl/cgi-bin/koha/opac-detail.pl?biblionumber=26919
_yKatalog online BPK